| 000 | 00831nam1a22002291i 4500 | ||
|---|---|---|---|
| 001 | rc\1154614 | ||
| 005 | 20240726063820.0 | ||
| 035 | _a(NLR Aleph) 006433379 | ||
| 090 |
_a5569231 _c5569231 |
||
| 100 | _a20041129d1980 u |0rusy50 ca | ||
| 101 | 0 | _arus | |
| 102 | _aRU | ||
| 105 | _ay ||||||||| | ||
| 200 | 1 |
_aЕстественное движение сельского населения Эстонии (1650-1799) _fПод ред. чл.-кор. АН ЭССР А. Вассара и к. ист. н. Э. Эпик |
|
| 210 |
_aТаллин _cЭэсти раамат _d1980 |
||
| 215 | _d19 | ||
| 300 | _aВ надзаг.: АН ЭССР, Ин-т истории | ||
| 700 | 1 |
_aПалли _bХ.Э. _gХельдур Эвальдович |
|
| 801 | 0 |
_aRU _bNLR _gpsbo |
|
| 801 | 1 |
_aRU _bELAR _2rusmarc |
|
| 852 |
_aNLR _j80-3/8349 |
||
| 942 | _cBOOK | ||